Responses for Show #2798 - Wednesday, October 30, 1996

Contestants

[<< previous game]

Kalyan Farrington, a retired engineer from Honolulu, Hawaii

Laura Sparrow, a high school English teacher from Ann Arbor, Michigan

Carl Kruglak, an actuary from Needham, Massachusetts (whose 1-day cash winnings total $13,801)

Jeopardy! Round responses

20th CENTURY HISTORY
TELEVISION
TRAVEL EUROPE
GENERAL SCIENCE
TOYS & GAMES
RHYME TIME
    $100 6
Suez Canal

Laura
    $100 16
The Odd Couple

Laura
    $100 26
Berlin

Carl
    $100 10
oxygen

Kalyan
    $100 1
Star Trek

Carl
    $100 21
lean queen

Carl
    $200 7
Saigon

Laura
    $200 17
Matlock

Kalyan
    $200 27
Denmark

Laura
    $200 11
stomach

Carl
    $200 2
(Summer) Olympics

Carl
    $200 22
pale snail

Carl
    $300 8
Juan Peron

Kalyan
    $300 18
(Laura: What is Alice's Restaurant?)

Alice Doesn't Live Here Anymore

LauraKalyan
    $300 28
the Blue Grotto

Carl
    $300 12
carbon

Laura
    $500 3
Twister

Carl
    $300 23
loose goose

Laura
    $400 9
(Laura: What is China?)

Japan

LauraKalyan
    $400 19
The Love Boat

Kalyan
    $400 29
Ireland

Kalyan
    $400 13
Mars

Kalyan
    $400 4
(Laura: Who are the Space Rangers?)

Mighty Morphin Power Rangers

CarlLaura
    $400 24
broom room

Carl
    $500 15
Colombia

Kalyan
    $500 20
(Kalyan: What is Gunsmoke?)

The Life and Legend of Wyatt Earp

Kalyan
Triple Stumper
    $500 30
Belgium

Kalyan
    $500 14
(Carl: What is hydrogen?)

helium

CarlKalyan
    $500 5
(Kalyan: What are luxury & estate?)

income & luxury

Kalyan
Triple Stumper
    $500 25
(Laura: What is a red Dead?)
(Alex: No.)

redhead Deadhead

CarlLaura

Scores at the first commercial break (after clue 13):

Carl Laura Kalyan
$1,400 -$200 $700

Scores at the end of the Jeopardy! Round:

Carl Laura Kalyan
$2,500 -$400 $3,000

Double Jeopardy! Round responses

SHAKESPEAREAN ACTORS
U.S. BODIES OF WATER
VICE PRESIDENTS
RELIGION
POETRY
PEOPLE
    $200 26
Lord & Lady Macbeth

Laura
    $200 2
Chesapeake Bay

Laura
    $200 21
Aaron Burr

Carl
    $200 13
Passover

Kalyan
    $200 1
there's no place like home

Kalyan
    $200 10
Tony Bennett

Carl
    $400 27
Jerry Stiller

Carl
    $400 3
Rhode Island

Kalyan
    $400 22
Lyndon Johnson

Carl
    $400 14
Buddhism

Kalyan
    $400 6
(Laura: What is trochaic?)
(Carl: What is a couplet?)

aabb

CarlLaura
Triple Stumper
    $400 11
the United Nations

Kalyan
    $600 30
Jeff Goldblum

Kalyan
    $600 4
Puget Sound

Kalyan
    $600 25
Spiro Agnew

Laura
    $600 15
(Laura: What is Wesley?)
(Alex: Which one?)

John Wesley

Laura
    $600 7
Jonathan Swift

Laura
    $600 18
Patricia Hearst

Kalyan
    $800 29
Sir Laurence Olivier

Laura
    $800 5
Missouri

Laura
    $2,500 24
(Carl: Who was Alf Landon?)

Alben Barkley

Carl
    $800 16
Lao Tzu

Kalyan
    $800 8
"John Brown's Body"

Laura
    $800 19
(Kalyan: What is Canada?)

Australia

CarlKalyan
    $1000 28
Laurence Fishburne

Carl
    $2,000 12
Minnesota

Kalyan
    $1000 23
(Laura: Who was Theodore Roosevelt?)

Chester Arthur

Laura
Triple Stumper
    $1000 17
the Kaaba

Laura
    $1000 9
George Gordon Lord Byron

Laura
    $1000 20
Deepak Chopra

Kalyan

Scores at the end of the Double Jeopardy! Round:

Carl Laura Kalyan
$2,600 $4,800 $9,400

[wagering suggestions for these scores]

Final Jeopardy! Round responses

AMERICAN AUTHORS
CarlWho is Hemingway?
$2,200
LauraWho is Ernest Hemingway
$4,800
KalyanWho is Hemingway
$827
Ernest Hemingway

Final scores:

Carl Laura Kalyan
$4,800 $9,600 $10,227
3rd place: RCA video cassette recorder 2nd place: Trip to Volcano House Inn, Hawaii New champion: $10,227

Game dynamics:

Coryat scores:

Carl Laura Kalyan
$4,900 $4,800 $8,400
17 R
(including 1 DD),
3 W
(including 1 DD)
16 R,
6 W
22 R
(including 1 DD),
3 W

Combined Coryat: $18,100

[game clues] [game scores] [suggest correction]

Game tape date: 1996-09-03
The J! Archive is created by fans, for fans. Scraping, republication, monetization, and malicious use prohibited; this site may use cookies and collect identifying information. See terms. The Jeopardy! game show and all elements thereof, including but not limited to copyright and trademark thereto, are the property of Jeopardy Productions, Inc. and are protected under law. This website is not affiliated with, sponsored by, or operated by Jeopardy Productions, Inc. Join the discussion at JBoard.tv.